Central Library OPAC University of Rajshahi

The Rat : (Record no. 12203)

MARC details
000 -LEADER
fixed length control field 00787nam a2200241 a 4500
001 - CONTROL NUMBER
control field 12203
003 - CONTROL NUMBER IDENTIFIER
rucl marc code BD-RjUL
005 - DATE AND TIME OF LATEST TRANSACTION
control field 20211208235243.0
008 - FIXED-LENGTH DATA ELEMENTS--GENERAL INFORMATION
fixed length control field 140128r19641963uk a 001 0 eng d
035 ## - SYSTEM CONTROL NUMBER
System control number (BD-RjUL)12252
040 ## - CATALOGING SOURCE
Original cataloging agency DLC
Language of cataloging eng
Transcribing agency BD-RjUL
Modifying agency BD-RjUL
041 ## - LANGUAGE CODE
Language code of text/sound track or separate title eng
082 ## - DEWEY DECIMAL CLASSIFICATION NUMBER
Classification number 599.3233
Edition number 18
Author mark and year BAR 1964
100 1# - MAIN ENTRY--PERSONAL NAME
Personal name Barnett, S. A.
Fuller form of name (Samuel Anthony),
Dates associated with a name 1915-
9 (RLIN) 26083
245 12 - TITLE STATEMENT
Title The Rat :
Remainder of title A study in behaviour /
Statement of responsibility, etc. S. A. Barnett
260 ## - PUBLICATION, DISTRIBUTION, ETC. (IMPRINT)
Place of publication, distribution, etc. Chicago :
Date of publication, distribution, etc. 1963 [printing 1964].
Name of publisher, distributor, etc. Aldine Publishing,
300 ## - PHYSICAL DESCRIPTION
Pagination xiii, 288 p. :
Illustrations ill. ;
Size 23 cm.
500 ## - GENERAL NOTE
General note First published as a Methuen Science Paperback in 1967
504 ## - BIBLIOGRAPHY, ETC. NOTE
Bibliography, etc Includes bibliographical reference and index.
650 #0 - SUBJECT ADDED ENTRY--TOPICAL TERM
Topical term or geographic name as entry element Animal behavior
9 (RLIN) 5684
Topical term or geographic name as entry element Rats
General subdivision Behavior
9 (RLIN) 37814
942 ## - ADDED ENTRY ELEMENTS (KOHA)
Source of classification or shelving scheme Dewey Decimal Classification
Koha item type Books
Holdings
Lost status Source of classification or shelving scheme Damaged status Not for loan Collection code Permanent Location Current Location Shelving location Date acquired Source of acquisition Total Checkouts Full call number Date last seen Copy number Koha item type
  Dewey Decimal Classification   Not For Loan Non-fiction Central Library, University of Rajshahi Central Library, University of Rajshahi Reading Room 01/06/1966 Asia Foundation   599.3233 BAR 1964 28/01/2014 C-1 Books